Адлерберга А.

RUSMARC
00005278nac2a22003733x 450
00160961a07-710a-4144-b065-11f032113322
00520240819203922.0
100##$a20240716l18831883k y0rusy50 ca
1010#$arus
102##$aRU
105##$ay z |||||
1222#$ad18831019
$ad18831031
2001#$aАдлерберга А.
$j19-31.10.1883
215##$a4 листа
$d34,2 х 24,3
251##$cДело
300##$aЗаголовок дела на папке: Письмо А. Адлерберга к Лорис-Меликову, Михаилу Тариэловичу
300##$aНа папке дела: 19(31)X.1883
300##$aРукописный текст
325##$aЗамикрофильмировано
330##$aВходит в раздел описи: Письма разных лиц к Лорис-Меликову
461#0$1001cda3d175-ae4a-411a-8dea-9cc20fb178f6
$12001
$aЛорис-Меликов Михаил Тариелович, граф, министр внутренних дел, главный начальник "верховной распорядительной комиссии по охранению государственного порядка и общественного спокойствия", генерал от кавалерии
$1251
$cФонд
$1852
$j569
462#0$1001163e060a-d7cc-404d-90ee-e28c9801971b
$12001
$aОпись дел фонда М. Т. Лорис-Меликова за 1858-1915 гг.
$vД. 147
$1251
$cОпись
$1852
$j1
5171#$aПисьмо А. Адлерберга к Лорис-Меликову, Михаилу Тариэловичу
600#1$aАдлерберг
$bА.
600#1$aЛорис-Меликов
$bМ. Т.
$gМихаил Тариелович
605##$3DITM\AF\0000002775
$aВласть
$lколлекция
$2acquisition_prlib
6101#$aПисьма
686##$a63.3(2)535-332ю1
$cИстория
$2rubbk
686##$a67.400.6ю1
$cПраво
$2rubbk
700#1$aАдлерберг
$bА.
702#1$aЛорис-Меликов
$bМ. Т.
$gМихаил Тариэлович
$4660
801#0$aRU
$bGA_RF
801#1$aRU
$bГлавНИВЦ
$c20240716
$2rusmarc
801#2$aRU
$bПБ им. Б.Н. Ельцина
$c20240819
$gRCR
$2rusmarc
852##$aГА РФ
$j147
937##$d193625070
$hГАРФ
035##$aRuPRLIB51076505
856##$uhttp://readingroom.main.prlib.ru/item.aspx?id_node=n193625070&mode=full
Формат отображения